000 004200000a22001810004500
003 MACL
005 20150729163444.0
008 150729b xxu||||| |||| 00| 0 eng d
040 _aMACL
_cMACL
041 _aEnglish
082 _a340/BAX
100 _aUpendra, Baxi
_93299
245 _aMark law and Justice
260 _bN. M. Tripathi
_c1993
_aBombay
350 _a200
650 _aLaw
_93300
942 _cBK
_k340
_2ddc
999 _c4850
_d4850